| 000 | 00445nmm a2200157Ia 4500 | ||
|---|---|---|---|
| 008 | 251105s9999||||xx |||||||||||||||||und|| | ||
| 020 | _a9788431526603 | ||
| 041 | _aspa | ||
| 100 | _aBlessing, Anne-Marie | ||
| 245 | 0 | _aLa salud a partir de los 50 en 200 preguntas | |
| 264 |
_a[Madrid, España] : _bDe Vecchi, _c2012 |
||
| 300 | _a0 páginas | ||
| 650 | _aMedicine | ||
| 856 | _uhttps://public.digitaliapublishing.com/a/31226 | ||
| 942 | _cCF | ||
| 999 |
_c81111 _d81111 |
||